Review of Czechoslovak banking system.

Bibliographic Details
Other Authors: Pospíšil, Vilém
Format: Government Document eBook
Language:English
Published: Washington, D.C. : [publisher not identified], 1929.
Series:Finance and Investment Div. Spec. Circ. No. 317
Subjects:
Online Access:Connect to the full text of this electronic document

MARC

Tag First Indicator Second Indicator Subfields
LEADER 00000cam a22000001a 4500
001 in00003676901
005 20190408174854.0
006 m o d f
007 cr bn mmmapmmp
008 040714s1929 dcu o f000 0 eng d
035 |a ebd1910203493 
040 |a UMI  |c UMI  |d UtOrBLW 
086 0 |a C 18.135:317 
099 |a C18.135-317 
245 0 0 |a Review of Czechoslovak banking system. 
264 1 |a Washington, D.C. :  |b [publisher not identified],  |c 1929. 
300 |a 1 online resource (5 pages) 
336 |a text  |b txt  |2 rdacontent 
337 |a computer  |b c  |2 rdamedia 
338 |a online resource  |b cr  |2 rdacarrier 
490 0 |a Finance and Investment Div. Spec. Circ. No. 317 
500 |a [With data] 
500 |a Record is based on bibliographic data in ProQuest U.S. Executive Branch Documents, 1910-1932. Reuse except for individual research requires license from ProQuest, LLC. 
533 |a Electronic reproduction.  |b [Bethesda, Md.] :  |c ProQuest,  |d 2012.  |e digital, PDF file.  |n ProQuest U.S. Executive Branch Documents, 1910-1932.  |n Mode of access: World Wide Web via ProQuest website. 
538 |a System requirements: PDF reader software. 
500 |a Electronic resource. 
650 0 |a Banks and banking.  |0 http://id.loc.gov/authorities/subjects/sh85011609 
655 7 |a Electronic books.  |2 local 
700 1 |a Pospíšil, Vilém.  |0 http://id.loc.gov/authorities/names/n83215207 
776 1 8 |i Microfiche version:  |t Review of Czechoslovak banking system  |o CIS US Exec MF C18.135-317  |w (ProQuest)cis19123273 
856 4 0 |u http://proxy.library.tamu.edu/login?url=http://congressional.proquest.com/congressional/docview/t66.d71.c18.135-317  |z Connect to the full text of this electronic document  |t 0 
999 f f |s 72f3fafd-64e7-3d94-8a4b-5b3ea7cc44a6  |i 01f0861a-c7e4-3263-ac61-86851caa5a19  |t 0 
952 f f |a Texas A&M University  |b College Station  |c Electronic Resources  |d Available Online  |t 0  |h No information provided 
998 f f |t 0  |l Available Online